Most streamed songs : Fall Out Boy - Statistics

General Stats
  • This quiz has been taken 98 times
    47 since last reset
  • The average score is 12 of 20
Answer Stats
Rank Number of streams Song Album % Correct
1. 1 399 474 656 Centuries American Beauty/American Psycho
95%
2. 939 162 188 Sugar, We're Goin Down From Under The Cork Tree
89%
5. 716 177 516 Dance, Dance From Under The Cork Tree
86%
3. 895 720 526 Thnks fr th Mmrs Infinity On High
84%
12. 223 888 596 I Don't Care Folie à Deux
73%
6. 709 390 467 Immortals American Beauty/American Psycho
73%
4. 770 043 962 My Songs Know What You Did In The Dark Save Rock And Roll
73%
7. 404 657 217 The Phoenix Save Rock And Roll
68%
9. 320 252 191 This Ain't A Scene, It's An Arms Race Infinity On High
68%
8. 350 349 216 Uma Thurman American Beauty/American Psycho
62%
20. 108 461 872 Fourth Of July American Beauty/American Psycho
54%
11. 242 918 672 The Last Of The Real Ones MANIA
54%
16. 117 253 339 Grand Theft Autumn/Where Is Your Boy Take This To Your Grave
49%
10. 273 770 108 Irresistible American Beauty/American Psycho
49%
13. 216,840,299 Alone Together Save Rock And Roll
46%
17. 114 092 471 A Little Less Sixteen Candles,, A Little More "Touch Me" From Under The Cork Tree
41%
14. 142 102 380 Just One Yesterday Save Rock And Roll
32%
15. 131 868 714 Young Volcanoes Save Rock And Roll
32%
19. 109 205 711 The Kids Aren't Alright American Beauty/American Psycho
30%
18. 110 866 824 Beat It - Studio Version (with John Mayer) **** Live In Phoenix
27%
No matching quizzes found
Score Distribution
Percent of People with Each Score
Percentile by Number Answered
Your Score History
You have not taken this quiz since the last reset